[Event "FRM-chT"]
[Site "Ohrid"]
[Date "2019.07.23"]
[Round "2.6"]
[White "Bejatovic, Bojana"]
[Black "Damceski, Marjan"]
[Result "0-1"]
[WhiteElo "2038"]
[BlackElo "2060"]
[PlyCount "114"]
[EventDate "2019.07.22"]
[EventType "team-tourn"]
[EventRounds "7"]
[EventCountry "MKD"]
[SourceTitle "EXT 2020"]
[Source "ChessBase"]
[SourceDate "2019.10.17"]
[SourceVersion "1"]
[SourceVersionDate "2019.10.17"]
[SourceQuality "1"]
[WhiteTeam "Skopje Kisela Voda"]
[BlackTeam "Prilep"]
[WhiteTeamCountry "MKD"]
[BlackTeamCountry "MKD"]

1. e4 c6 2. d3 d5 3. Nd2 d4 4. g3 e5 5. Bg2 Bd6 6. Ngf3 Bg4 7. h3 Bh5 8. c3 c5 9. Qb3 Bxf3 10. Bxf3 b6 11. Qd5 Na6 12. Nc4 Bc7 13. Qb7 Qc8 14. Qc6+ Kf8 15. Bg4 Qb8 16. Qb5 Qb7 17. Na5 Qb8 18. Nc6 Qb7 19. Na5 Qb8 20. Nc6 Qb7 21. Bd2 Nb8 22. Nxb8 Rxb8 23. b4 a6 24. Qc4 Nf6 25. Bf5 Bd6 26. cxd4 b5 27. Qb3 cxd4 28. Bg5 h6 29. Bxf6 gxf6 30. Rc1 Qe7 31. a3 a5 32. bxa5 Bxa3 33. Rb1 Kg7 34. 0-0 b4 35. Qd1 Rhd8 36. Qg4+ Kh8 37. Qh4 Kg7 38. Qg4+ Kf8 39. Qh4 Qd6 40. Qxh6+ Ke7 41. Rb3 Ra8 42. h4 Rxa5 43. h5 Rg8 44. Qd2 Rc5 45. h6 Rc3 46. h7 Rh8 47. Rfb1 Rxb3 48. Rxb3 Qc7 49. Qh6 Qc2 50. Qg7 Rxh7 51. Qxh7 Qxb3 52. Bg6 Qe6 53. Bf5 Qc6 54. Bg6 Qe8 55. Bh5 b3 56. Bd1 b2 57. Bc2 Qc6 0-1

[Event "FRM-chT 16th"]
[Site "Ohrid"]
[Date "2017.07.26"]
[Round "3.4"]
[White "Capanov, Mile"]
[Black "Damceski, Marjan"]
[Result "0-1"]
[WhiteElo "1933"]
[BlackElo "2066"]
[PlyCount "88"]
[EventDate "2017.07.24"]
[EventType "team-tourn"]
[EventRounds "5"]
[EventCountry "MKD"]
[SourceTitle "CBM 179 Extra"]
[Source "ChessBase"]
[SourceDate "2017.08.23"]
[SourceVersion "1"]
[SourceVersionDate "2017.08.23"]
[SourceQuality "1"]
[WhiteTeam "Bitola Noemvri"]
[BlackTeam "Prilep"]
[WhiteTeamCountry "MKD"]
[BlackTeamCountry "MKD"]

1. e4 c5 2. Nf3 Nc6 3. d4 cxd4 4. Nxd4 Nf6 5. Nc3 g6 6. Be3 Bg7 7. f3 0-0 8. Qd2 d5 9. 0-0-0 dxe4 10. Nxc6 Qxd2+ 11. Rxd2 bxc6 12. fxe4 Ng4 13. Nd1 Nxe3 14. Nxe3 Rb8 15. b3 Bh6 16. Rd3 Rb4 17. c4 f5 18. e5 Bf4 19. g3 Bxe5 20. Bg2 Rb6 21. Rhd1 f4 22. Rd8 Be6 23. Rxf8+ Kxf8 24. Rf1 g5 25. gxf4 Bxf4 26. Be4 Kg7 27. Kd2 a5 28. Ke2 a4 29. Bc2 axb3 30. axb3 h6 31. h4 Ra6 32. Nf5+ Bxf5 33. Bxf5 Ra2+ 34. Kf3 Rb2 35. Rb1 Rxb1 36. Bxb1 c5 37. h5 Kf6 38. Ke4 Bd2 39. Kd3 Bc1 40. Ke4 g4 41. Bd3 Kg5 42. Be2 Kxh5 43. Kf5 Kh4 44. Bxg4 e6+ 0-1

[Event "FRM-chT 16th"]
[Site "Ohrid"]
[Date "2017.07.25"]
[Round "2.4"]
[White "Damceski, Marjan"]
[Black "Ranic, Viktor"]
[Result "1-0"]
[WhiteElo "2066"]
[BlackElo "1934"]
[PlyCount "91"]
[EventDate "2017.07.24"]
[EventType "team-tourn"]
[EventRounds "5"]
[EventCountry "MKD"]
[SourceTitle "CBM 179 Extra"]
[Source "ChessBase"]
[SourceDate "2017.08.23"]
[SourceVersion "1"]
[SourceVersionDate "2017.08.23"]
[SourceQuality "1"]
[WhiteTeam "Prilep"]
[BlackTeam "Skopje Karposh"]
[WhiteTeamCountry "MKD"]
[BlackTeamCountry "MKD"]

1. e4 d5 2. exd5 Qxd5 3. Nc3 Qd6 4. d4 Nf6 5. Bc4 c6 6. Nge2 Bg4 7. f3 Be6 8. Bf4 Qd7 9. Bxe6 Qxe6 10. Qd2 g6 11. 0-0-0 Bg7 12. h4 Nd5 13. Nxd5 cxd5 14. Nc3 Qc6 15. Bh6 Bxh6 16. Qxh6 Nd7 17. Rde1 Nf6 18. Re5 Rd8 19. Rhe1 e6 20. Qg7 Ke7 21. g4 Rhg8 22. Qh6 Kd7 23. Qf4 Ke7 24. h5 b5 25. h6 b4 26. Ne2 Rc8 27. Qd2 a5 28. Nf4 Qc4 29. Kb1 Rgd8 30. g5 Ne8 31. b3 Qb5 32. Nxe6 fxe6 33. Rxe6+ Kd7 34. Qf4 Rc7 35. Qf8 Kc8 36. Rxe8 Rcd7 37. R1e7 Qc6 38. Rxd7 Qxd7 39. Rxd8+ Qxd8 40. Qxd8+ Kxd8 41. Kb2 Kd7 42. a3 Ke6 43. axb4 axb4 44. c3 bxc3+ 45. Kxc3 Kf5 46. Kb4 1-0

[Event "FRM-chT 25th"]
[Site "Ohrid"]
[Date "2016.08.11"]
[Round "4.2"]
[White "Nedev, Trajce"]
[Black "Damceski, Marjan"]
[Result "1-0"]
[WhiteElo "2481"]
[BlackElo "2046"]
[PlyCount "35"]
[EventDate "2016.08.08"]
[EventType "team-tourn"]
[EventRounds "5"]
[EventCountry "MKD"]
[SourceTitle "CBM 173 Extra"]
[Source "ChessBase"]
[SourceDate "2016.08.29"]
[SourceVersion "1"]
[SourceVersionDate "2016.08.29"]
[SourceQuality "1"]
[WhiteTeam "Skopje Alkaloid"]
[BlackTeam "Prilep"]
[WhiteTeamCountry "MKD"]
[BlackTeamCountry "MKD"]

1. e4 c6 2. d4 d5 3. e5 Bf5 4. Nd2 e6 5. Nb3 Nd7 6. Nf3 h6 7. Be2 a6 8. 0-0 c5 9. dxc5 Nxc5 10. Nfd4 Nxb3 11. axb3 Bg6 12. c4 Bc5 13. Be3 Rc8 14. cxd5 Qxd5 15. Ra5 Qd8 16. Rxc5 Rxc5 17. Nxe6 Qxd1 18. Nxg7+ 1-0

[Event "FRM-chT 25th"]
[Site "Ohrid"]
[Date "2016.08.08"]
[Round "1.3"]
[White "Petrov, Saravco"]
[Black "Damceski, Marjan"]
[Result "1-0"]
[WhiteElo "2134"]
[BlackElo "2046"]
[PlyCount "67"]
[EventDate "2016.08.08"]
[EventType "team-tourn"]
[EventRounds "5"]
[EventCountry "MKD"]
[SourceTitle "CBM 173 Extra"]
[Source "ChessBase"]
[SourceDate "2016.08.29"]
[SourceVersion "1"]
[SourceVersionDate "2016.08.29"]
[SourceQuality "1"]
[WhiteTeam "Skopje Karposh"]
[BlackTeam "Prilep"]
[WhiteTeamCountry "MKD"]
[BlackTeamCountry "MKD"]

1. e4 c5 2. Nf3 Nc6 3. d4 cxd4 4. Nxd4 Nf6 5. Nc3 g6 6. Nxc6 bxc6 7. e5 Nd5 8. Nxd5 cxd5 9. Qxd5 Rb8 10. e6 f6 11. exd7+ Bxd7 12. Bc4 e6 13. Qe4 Rb4 14. c3 Rb6 15. 0-0 Kf7 16. Rd1 Qc8 17. Qe2 a5 18. Be3 Rb8 19. Rd2 Qc6 20. Rad1 Bc8 21. Bf4 Rb6 22. Be3 Rb8 23. b3 Bb7 24. f3 Be7 25. Bf4 Rbd8 26. Rxd8 Rxd8 27. Rxd8 Bxd8 28. Qd3 Be7 29. Bb5 Bc5+ 30. Kh1 Qb6 31. Qd7+ Kg8 32. Bh6 Bf8 33. Bc4 Bxh6 34. Bxe6+ 1-0

[Event "FRM-chT 23rd"]
[Site "Struga"]
[Date "2014.07.14"]
[Round "1.6"]
[White "Hadzi Manev, Ljubomir"]
[Black "Damceski, Marjan"]
[Result "1/2-1/2"]
[WhiteElo "2042"]
[BlackElo "2055"]
[PlyCount "99"]
[EventDate "2014.07.14"]
[EventType "team-tourn"]
[EventRounds "5"]
[EventCountry "MKD"]
[SourceTitle "CBM 161 Extra"]
[Source "ChessBase"]
[SourceDate "2014.08.29"]
[SourceVersion "1"]
[SourceVersionDate "2014.08.29"]
[SourceQuality "1"]
[WhiteTeam "Skopje Karposh"]
[BlackTeam "Prilep"]
[WhiteTeamCountry "MKD"]
[BlackTeamCountry "MKD"]

1. d4 Nf6 2. Bg5 Ne4 3. Bf4 c5 4. f3 Qa5+ 5. c3 Nf6 6. d5 e6 7. e4 Nh5 8. Be3 e5 9. Na3 d6 10. Bb5+ Nd7 11. Qb3 Rb8 12. Nc4 Qd8 13. a4 Be7 14. Ne2 0-0 15. 0-0 Kh8 16. g4 Nhf6 17. Ng3 g6 18. Qc2 a6 19. Bxd7 Bxd7 20. Rfd1 Ne8 21. b4 b5 22. axb5 axb5 23. Na5 c4 24. Nc6 Bxc6 25. dxc6 Ra8 26. Qf2 Qc8 27. Bh6 Ng7 28. Ra7 Re8 29. Bxg7+ Kxg7 30. c7 Rxa7 31. Qxa7 Qd7 32. Rd5 Rc8 33. Qb6 Qxc7 34. Rxb5 Bg5 35. Qxc7 Rxc7 36. Ra5 Bd2 37. Ne2 Rc6 38. Kf2 Kf6 39. h4 Ke6 40. Ra2 Bh6 41. Ra5 Bf8 42. Ng3 Be7 43. h5 Bg5 44. hxg6 hxg6 45. Nf1 Bd8 46. Ra8 Bb6+ 47. Ke2 Rc7 48. Ra6 Bg1 49. Nd2 Rc8 50. b5 1/2-1/2

[Event "FRM-chT 19th"]
[Site "Struga"]
[Date "2010.08.12"]
[Round "4"]
[White "Ilievski, Dimitar"]
[Black "Damceski, Marjan"]
[Result "1/2-1/2"]
[WhiteElo "2318"]
[BlackElo "2050"]
[PlyCount "110"]
[EventDate "2010.08.09"]
[EventType "team"]
[EventRounds "7"]
[EventCountry "MKD"]
[SourceTitle "CBM 137 Extra"]
[Source "ChessBase"]
[SourceDate "2010.09.01"]
[SourceVersion "1"]
[SourceVersionDate "2010.09.01"]
[SourceQuality "1"]

1. d4 Nf6 2. Nf3 c5 3. d5 d6 4. Nc3 g6 5. e4 Bg7 6. Bg5 h6 7. Bd2 0-0 8. Bc4 Bd7 9. a4 Na6 10. 0-0 Nc7 11. Re1 e5 12. dxe6 Bxe6 13. Bxe6 Nxe6 14. Nd5 Nxd5 15. exd5 Nd4 16. Nxd4 cxd4 17. c4 dxc3 18. Bxc3 Bxc3 19. bxc3 Rc8 20. Qd4 Rc5 21. Rab1 Re8 22. h4 b6 23. h5 Re5 24. hxg6 Rcxd5 25. gxf7+ Kxf7 26. Qf4+ Qf6 27. Qc4 Qe6 28. Qf4+ Kg7 29. Qg3+ Kh7 30. f4 Re4 31. Rxe4 Qxe4 32. Re1 Rd3 33. Qf2 Qf5 34. Qe2 Rg3 35. Qe7+ Rg7 36. Qxd6 Qc2 37. Qc6 Qd2 38. Qe4+ Kh8 39. Re2 Qxc3 40. Rc2 Qa1+ 41. Kh2 Qf6 42. Rc6 Re7 43. Rxf6 Rxe4 44. Rxh6+ Kg7 45. Rc6 Rxa4 46. Kg3 b5 47. Kg4 b4 48. Kg5 Ra5+ 49. f5 Rb5 50. Rc7+ Kf8 51. Rxa7 b3 52. Ra1 b2 53. Rb1 Rb4 54. Kf6 Rb6+ 55. Ke5 Kf7 1/2-1/2

[Event "FRM-ch 17th"]
[Site "Struga"]
[Date "2008.07.22"]
[Round "9"]
[White "Petrovski, Igor"]
[Black "Damceski, Marjan"]
[Result "1-0"]
[WhiteElo "1836"]
[BlackElo "2045"]
[PlyCount "99"]
[EventDate "2008.07.14"]
[EventType "swiss"]
[EventRounds "9"]
[EventCountry "MKD"]
[SourceTitle "CBM 125 Extra"]
[Source "ChessBase"]
[SourceDate "2008.09.01"]
[SourceVersion "1"]
[SourceVersionDate "2008.09.01"]
[SourceQuality "1"]

1. e4 c5 2. Nf3 g6 3. d4 cxd4 4. Nxd4 Bg7 5. Nc3 Nc6 6. Nde2 Nf6 7. g3 0-0 8. Bg2 d6 9. 0-0 a5 10. a4 Nb4 11. h3 Be6 12. Nf4 Bc4 13. Re1 Rc8 14. Be3 Nd7 15. Rb1 Ba6 16. Nfd5 e6 17. Nxb4 axb4 18. Na2 Qa5 19. Qxd6 Qxa4 20. Nxb4 Rfd8 21. Nxa6 bxa6 22. Red1 Bf8 23. Qd4 Qxd4 24. Bxd4 Rxc2 25. Bf6 Nxf6 26. Rxd8 Kg7 27. b4 Rc4 28. e5 Nh5 29. Rb8 f6 30. Rb7+ Kg8 31. g4 Nf4 32. exf6 Rc2 33. Rd1 g5 34. Rd8 Rc1+ 35. Kh2 Rc2 36. Rbb8 Ng6 37. Be4 Rxf2+ 38. Kg1 Rxf6 39. Bxg6 hxg6 40. Rb6 Kg7 41. Rd7+ Kg8 42. Kg2 Rf4 43. Rxe6 Rxb4 44. Rxg6+ Kh8 45. Rxg5 Rb2+ 46. Kg3 Rb6 47. Rd8 Rf6 48. Rf5 Rxf5 49. gxf5 Kg7 50. Ra8 1-0